00410 2200169 4500001002100000008004100021035002000062082000800082084001400090100002200104245003700126250000600163260003300169300001200202650001400214990001200228INLIS000000000001101 ind  a0010-0524000336 a000 a000 PUR h aDr. Purwadi M.Hum aHoroskop JawacDr. Purwadi M.Hum a1 aJakarta :bMedia Abadic2006 a400 hlm aNon Fiksi a0744079